000 00541nam a2200193 a 4500
005 20140310183155.0
008 970102s19uu xx 00 eng d
050 _aHF 5679
_b.D117 1994
100 _aDacEasy, Inc.
245 _aDacEasy for DOS accounting :
_buser's guide. /
260 _aTexas :
_bDacEasy, Inc,
_c1994.
300 _a873 p. :
_bill. ;
_c24 cm.
500 _aVersion 5--Cover.
521 _aIT
650 _aAccounting
_xComputer programs.
650 _aDacEasy accounting.
942 _cBK
_2lcc
_kFOR
999 _c19740
_d19740